00315nam a2200109Ia 4500008004100000082000800041100001700049245002300066942000600089952009500095999001500190240331s9999 xx 000 0 und d bRAN aRanasinghe,A 0aAt what dark point cL 001040708LaWERCLbWERCLcSSCd2024-03-31l0o 810 RANp6568r2024-03-31w2024-03-31yL c4982d4982